Florida Football: Top 10 All-Time Leaders - Statistics

General Stats
  • This quiz has been taken 13 times
  • The average score is 13 of 60
Answer Stats
Category # Player Amount % Correct
Passing Yards 4 Tim Tebow 9,285
100%
Rushing Yards 6 Tim Tebow 2,947
100%
Passing Yards 2 Danny Wuerffel 10,875
60%
Passing Yards 8 Kyle Trask 7,386
60%
Rushing Yards 2 Emmitt Smith 3,928
50%
Tackles 10 Alonzo Johnson 335
40%
Sacks 2 Alonzo Johnson 27.0
40%
Passing Yards 1 Chris Leak 11,213
40%
Passing Yards 10 Doug Johnson 7,114
40%
Passing Yards 5 Rex Grossman 9,164
40%
Sacks 3 Huey Richardson 26.5
30%
Rushing Yards 9 Jeff Demps 2,470
30%
Rushing Yards 8 La'Mical Perine 2,485
30%
Passing Yards 3 Shane Matthews 9,287
30%
Interceptions T4 Ahmad Black 13
20%
Sacks 1 Alex Brown 33.0
20%
Receiving Yards 3 Andre Caldwell 2,349
20%
Receiving Yards 6 Dallas Baker 2,236
20%
Tackles 7 Fernando Jackson 353
20%
Rushing Yards 4 Fred Taylor 3,075
20%
Receiving Yards 7 Ike Hilliard 2,214
20%
Receiving Yards 5 Jack Jackson 2,266
20%
Receiving Yards 8 Jacquez Green 2,181
20%
Interceptions 6 Keiwan Ratliff 12
20%
Receiving Yards 4 Reidel Anthony 2,274
20%
Tackles 3 Sammy Green 457
20%
Interceptions T2 Teako Brown 14
20%
Rushing Yards 7 Tony Green 2,590
20%
Receiving Yards 9 Willie Jackson 2,172
20%
Interceptions T4 Bruce Bennett 13
10%
Receiving Yards 1 Carlos Alvarez 2,563
10%
Sacks 10 Carlos Dunlap 19.5
10%
Tackles 4 Charlie Williams 409
10%
Receiving Yards 10 Chris Doering 2,107
10%
Rushing Yards 10 Chris Rainey 2,464
10%
Sacks 4 Clifford Charlton 25.0
10%
Sacks T7 David Galloway 21.0
10%
Tackles 1 David Little 475
10%
Sacks 9 Derrick Harvey 20.5
10%
Rushing Yards 5 Earnest Graham 3,065
10%
Tackles 5 Ed Robinson 363
10%
Rushing Yards 1 Errict Rhett 4,163
10%
Interceptions 1 Fred Weary 15
10%
Receiving Yards 2 Jabar Gaffney 2,375
10%
Passing Yards 7 John Reaves 7,549
10%
Passing Yards 6 Kerwin Bell 7,585
10%
Sacks 6 Kevin Carter 21.5
10%
Interceptions T7 Louis Oliver 11
10%
Rushing Yards 3 Neal Anderson 3,234
10%
Tackles 6 Ralph Ortega 357
10%
Tackles 8 Robin Fisher 348
10%
Sacks T7 Robin Fisher 21.0
10%
Tackles 2 Scot Brantley 467
10%
Interceptions T7 Steve Tannen 11
10%
Interceptions T7 Walter Mayberry 11
10%
Interceptions T7 Wayne Fields 11
10%
Passing Yards 9 Wayne Peace 7,206
10%
Tackles 9 Wilber Marshall 343
10%
Sacks 5 Wilber Marshall 23.0
10%
Interceptions T2 Will White 14
10%
No matching quizzes found
Score Distribution
Percent of People with Each Score
Percentile by Number Answered
Your Score History
You have not taken this quiz